Geographica Pannonica

Salvato in:
Dettagli Bibliografici
Natura: Periodico
Lingua:inglese
Pubblicazione: Novi Sad University of Novi Sad Faculty of Science in Novi Sad
Tags: Aggiungi Tag
Nessun Tag, puoi essere il primo ad aggiungerne!!

MARC

LEADER 00000nas1a2200000 4500
001 0258954
005 20250701092118.9
022 |a 0354-8724 
022 |a 1820-7138 
041 0 |a eng 
044 |a RS 
245 1 0 |a Geographica Pannonica 
264 1 |a Novi Sad  |b University of Novi Sad Faculty of Science in Novi Sad